| Tag |
First Indicator |
Second Indicator |
Subfields |
| LEADER |
00000cam a2200000 a 4500 |
| 001 |
in00000086980 |
| 005 |
20151008064648.0 |
| 008 |
760119s1917 ga afb f00010 engm |
| 010 |
|
|
|a gs 18000003
|
| 035 |
|
|
|a (OCoLC)01935041
|
| 035 |
|
|
|9 AAK4583AM
|
| 040 |
|
|
|a DLC
|c TLM
|d TXA
|d UtOrBLW
|
| 049 |
|
|
|a TXAM
|c [37128]
|
| 090 |
|
|
|a QE101
|b .A12 no.32
|
| 092 |
|
|
|a 557.3 G
|
| 100 |
1 |
|
|a Barrows, Harry H.,
|d 1874-
|
| 245 |
1 |
0 |
|a Agricultural drainage in Georgia /
|c by H. H. Barrows and J. V. Phillips, senior drainage engineers, U. S. Department of Agriculture, and J. E. Brantly, assistant state geologist.
|
| 264 |
|
1 |
|a Atlanta, Ga. :
|b Byrd Printing Co.,
|c 1917.
|
| 300 |
|
|
|a xii, 122 pages :
|b frontispiece, illustrations, IX plate, folded maps. diagram ;
|c 26 cm.
|
| 336 |
|
|
|a text
|b txt
|2 rdacontent
|
| 337 |
|
|
|a unmediated
|b n
|2 rdamedia
|
| 338 |
|
|
|a volume
|b nc
|2 rdacarrier
|
| 490 |
1 |
|
|a Georgia. Geological survey. Bulletin ;
|v no. 32
|
| 500 |
|
|
|a At head of title: Geological Survey of Georgia, S. W. McCallie, state geologist; U. S. Department of Agriculture, Office of public roads and rural engineering, Logan Waller Page, director; Drainage investigations, S. H. McCrory, chief.
|
| 650 |
|
0 |
|a Drainage
|z Georgia.
|
| 700 |
1 |
|
|a Phillips, James V.,
|d 1886-
|
| 700 |
1 |
|
|a Brantly, John Edward,
|d 1892-
|
| 710 |
1 |
|
|a United States.
|b Bureau of Public Roads.
|
| 830 |
|
0 |
|a Bulletin (Georgia Geologic Survey) ;
|v 32.
|
| 999 |
|
|
|a MARS
|
| 999 |
f |
f |
|s bc88a9d6-374a-365d-9373-6902ccebc3c4
|i c9b7dfe5-8048-3927-9398-6c922484992c
|t 0
|
| 952 |
f |
f |
|p ric
|a Texas A&M University
|b Rellis Campus
|c Joint Library Facility
|d Remote Storage
|t 0
|e QE101 .A12 no.32
|h Library of Congress classification
|i unmediated -- volume
|m A14804751935
|
| 998 |
f |
f |
|a QE101 .A12 no.32
|t 0
|l Remote Storage
|